[Event "Titled Tue 24th Jun Early"]
[Site "chess.com INT"]
[Date "2025.06.24"]
[Round "9"]
[White "Zepeda Berlanga, Jan Enrique"]
[Black "Diachek, Andrii"]
[Result "1-0"]
[WhiteTitle "CM"]
[BlackTitle "CM"]
[WhiteElo "1984"]
[BlackElo "2177"]
[WhiteFideId "5132355"]
[BlackFideId "34106499"]
[EventDate "2025.06.24"]

1. e4 c6 2. d4 d5 3. Nc3 dxe4 4. Nxe4 Nf6 5. Nxf6+ exf6 6. c3 Bd6 7. Bd3 O-O 8.
Ne2 Re8 9. O-O Nd7 10. Qc2 Nf8 11. c4 g6 12. Bd2 Bc7 13. Rad1 Ne6 14. Bc3 Qd6
15. Ng3 Nf4 16. Rfe1 Be6 17. b3 f5 18. c5 Qd5 19. f3 h5 20. Bc4 Qd7 21. Ne2 Nd5
22. Bd2 h4 23. Bg5 h3 24. g3 b5 25. Bxd5 Bxd5 26. Kf2 Bxf3 27. Qc3 Bxe2 28. Rxe2
Rxe2+ 29. Kxe2 f4 30. gxf4 Re8+ 31. Kf2 Qf5 32. Qd3 Qg4 33. Rg1 Qe6 34. f5 Qxf5+
35. Qxf5 gxf5 36. Bf4+ Kh7 37. Bxc7 1-0

[Event "Titled Tue 24th Jun Early"]
[Site "chess.com INT"]
[Date "2025.06.24"]
[Round "9"]
[White "Khoo-Thwe, Louis"]
[Black "Ambartsumova, Karina"]
[Result "0-1"]
[WhiteTitle "CM"]
[BlackTitle "IM"]
[WhiteElo "2214"]
[BlackElo "2403"]
[WhiteFideId "1538756"]
[BlackFideId "4166299"]
[EventDate "2025.06.24"]

1. e4 c5 2. Nf3 a6 3. Nc3 Nc6 4. g3 Nf6 5. Bg2 e5 6. O-O Be7 7. d3 h6 8. Nd5 d6
9. Nxe7 Qxe7 10. c3 O-O 11. h3 Be6 12. Re1 Rfe8 13. d4 cxd4 14. cxd4 Nxd4 15.
Nxd4 exd4 16. Qxd4 Rac8 17. Bf4 Red8 18. Rad1 Ne8 19. a3 Qd7 20. Bd2 Bxh3 21.
Bh1 Qb5 22. Bc3 Nf6 23. Qe3 Ng4 24. Qf4 Ne5 25. Bxe5 Qxe5 26. Qd2 Bg4 27. Rc1 h5
28. Bg2 Qf6 29. Rxc8 Rxc8 30. e5 dxe5 31. Bxb7 Rb8 32. Be4 h4 33. gxh4 Qxh4 34.
Qd6 Rxb2 35. Rf1 Qg5 36. Kh1 g6 37. Rc1 Qxc1+ 38. Kg2 Qg5 39. Kh1 Bf3+ 40. Bxf3
Qh4+ 41. Kg2 Rxf2+ 42. Kg1 Qh2# 0-1

[Event "Titled Tue 24th Jun Early"]
[Site "chess.com INT"]
[Date "2025.06.24"]
[Round "9"]
[White "Ejsymont, Blanka"]
[Black "Nersisyan, Garnik"]
[Result "0-1"]
[WhiteTitle "WCM"]
[BlackTitle "CM"]
[WhiteElo "1984"]
[BlackElo "2035"]
[WhiteFideId "21088268"]
[BlackFideId "13300741"]
[EventDate "2025.06.24"]

1. f4 e6 2. Nf3 d5 3. g3 Nf6 4. Bg2 b6 5. O-O Bb7 6. d3 Be7 7. Nbd2 O-O 8. Re1
c5 9. c4 d4 10. Ne5 Bxg2 11. Kxg2 Nbd7 12. Ndf3 Nxe5 13. Nxe5 Bd6 14. e4 dxe3
15. Bxe3 Bxe5 16. fxe5 Nd7 17. Bf4 Nb8 18. Qg4 Kh8 19. Rad1 Nc6 20. h4 Nd4 21.
h5 f5 22. exf6 Qxf6 23. h6 Rf7 24. hxg7+ Rxg7 25. Qxg7+ Kxg7 26. Be5 Qxe5 27.
Rxe5 Kg6 28. Rf1 Re8 29. Re4 h5 30. Rfe1 a6 31. Re5 Rd8 32. Rh1 Rh8 33. g4 h4
34. Rh3 Rh7 35. a4 Rh8 36. a5 bxa5 37. Rxc5 Rb8 38. Rxa5 Rxb2+ 39. Kh1 Rd2 40.
Rxa6 Kg5 41. Re3 Kxg4 42. Re4+ Kg3 43. Ra1 Rh2+ 44. Kg1 Nf3+ 45. Kf1 Rf2# 0-1

[Event "Titled Tue 24th Jun Early"]
[Site "chess.com INT"]
[Date "2025.06.24"]
[Round "9"]
[White "Negrean, Andrei"]
[Black "Storn, Justin"]
[Result "0-1"]
[WhiteTitle "FM"]
[WhiteElo "2352"]
[BlackElo "2073"]
[WhiteFideId "1291513"]
[BlackFideId "30922720"]
[EventDate "2025.06.24"]

1. e4 g6 2. h4 h5 3. d4 Bg7 4. Nc3 d6 5. Be3 a6 6. Qd2 b5 7. O-O-O Bb7 8. f3 Nd7
9. Nh3 c5 10. Kb1 cxd4 11. Bxd4 Ngf6 12. Ng5 O-O 13. a3 Rc8 14. g4 Qc7 15. gxh5
Nxh5 16. Bh3 Rcd8 17. Bg4 Bxd4 18. Qxd4 Ndf6 19. Rhg1 Qc5 20. Qd2 a5 21. Ne2 b4
22. axb4 axb4 23. Bxh5 Nxh5 24. Nd4 Ra8 25. Nb3 Qa7 26. Qd4 Qa2+ 27. Kc1 Rac8
28. Kd2 Nf4 29. Ra1 Rxc2+ 30. Kxc2 Rc8+ 31. Qc3 Rxc3+ 32. Kd2 Qxb2+ 33. Kd1 Qe2# 0-1

[Event "Titled Tue 24th Jun Early"]
[Site "chess.com INT"]
[Date "2025.06.24"]
[Round "9"]
[White "Birkisson, Bjorn Holm"]
[Black "Subramanian, Anusha"]
[Result "1-0"]
[WhiteTitle "CM"]
[BlackTitle "WFM"]
[WhiteElo "2128"]
[BlackElo "2045"]
[WhiteFideId "2310600"]
[BlackFideId "477710"]
[EventDate "2025.06.24"]

1. e4 e6 2. d4 d5 3. Nd2 dxe4 4. Nxe4 Nd7 5. Nf3 Ngf6 6. Nxf6+ Nxf6 7. Bd3 c5 8.
dxc5 Bxc5 9. O-O O-O 10. Bg5 b6 11. Ne5 Bb7 12. Qe2 Qd5 13. Nf3 Ne4 14. Bh4 f5
15. Rad1 Qc6 16. Ne5 Qc7 17. Bg3 Bd6 18. Nf3 Bxg3 19. hxg3 Qc5 20. Rfe1 Nxg3 21.
Qxe6+ Kh8 22. Re5 Qb4 23. fxg3 Qxb2 24. Ng5 Qd4+ 25. Kh2 Qg4 26. Nh3 Qxd1 27.
Rxf5 Qd2 28. Nf4 Rfe8 29. Qf7 Bc6 30. Rh5 Be4 31. Bxe4 Rxe4 32. Ng6# 1-0

[Event "Titled Tue 24th Jun Early"]
[Site "chess.com INT"]
[Date "2025.06.24"]
[Round "9"]
[White "Mafra, Kaiser Luiz"]
[Black "Alvarez Leon, Luis"]
[Result "0-1"]
[WhiteTitle "CM"]
[BlackTitle "FM"]
[WhiteElo "2076"]
[BlackElo "2178"]
[WhiteFideId "2106698"]
[BlackFideId "3600351"]
[EventDate "2025.06.24"]

1. e4 c5 2. d4 cxd4 3. c3 d3 4. Bxd3 Nc6 5. Nf3 g6 6. Qe2 Bg7 7. c4 d6 8. Nc3
Nf6 9. h3 O-O 10. Be3 b6 11. Rc1 Bb7 12. b3 Rc8 13. Bb1 Nd7 14. O-O e6 15. Rfd1
Qe7 16. Bf4 Nde5 17. Nxe5 Nxe5 18. Bg3 Rfd8 19. f4 Nc6 20. Nb5 a6 21. Nc3 Nd4
22. Qe1 e5 23. Nd5 Bxd5 24. exd5 Qf6 25. fxe5 dxe5 26. Qe4 Nf5 27. Bh2 Nd6 28.
Qe3 Rb8 29. Rf1 Qe7 30. Rce1 Re8 31. Rf2 f5 32. Kh1 e4 33. g4 Be5 34. gxf5 gxf5
35. Rg1+ Kh8 36. Rfg2 Bxh2 37. Rxh2 Qe5 38. Qh6 Rg8 39. Rhg2 Rxg2 40. Rxg2 Rg8
41. Rxg8+ Kxg8 42. Qg5+ Kf7 43. Qh5+ Kf8 44. Qh6+ Ke7 45. Qxh7+ Nf7 46. Qh4+ Kd7
47. Qh5 Qf6 48. Qe2 Qa1 49. Qf1 Qe5 50. b4 Ng5 51. h4 Nf3 52. Kg2 Qh2# 0-1

[Event "Titled Tue 24th Jun Early"]
[Site "chess.com INT"]
[Date "2025.06.24"]
[Round "9"]
[White "Mostertman, Milan"]
[Black "Ben Artzi, Ido"]
[Result "0-1"]
[WhiteTitle "FM"]
[BlackTitle "IM"]
[WhiteElo "2231"]
[BlackElo "2339"]
[WhiteFideId "1025848"]
[BlackFideId "2810913"]
[EventDate "2025.06.24"]

1. c4 e5 2. g3 Nf6 3. Bg2 Nc6 4. d3 Bc5 5. Nf3 d6 6. O-O O-O 7. Nc3 a6 8. a3 h6
9. b4 Ba7 10. Nd2 Be6 11. Nd5 Bxd5 12. cxd5 Ne7 13. Qb3 c6 14. dxc6 bxc6 15. Bb2
Qd7 16. Rac1 Rfc8 17. e3 a5 18. b5 cxb5 19. Bxa8 Rxa8 20. Ne4 Nfd5 21. Nc3 Nc7
22. Ne2 a4 23. Qc2 Ne6 24. d4 Ng5 25. f4 Nh3+ 26. Kg2 Nf5 27. Qe4 d5 28. Qxe5
Re8 29. Rc7 Qd8 30. Rfc1 Nxe3+ 31. Kxh3 Rxe5 32. Rc8 Rh5# 0-1

[Event "Titled Tue 24th Jun Early"]
[Site "chess.com INT"]
[Date "2025.06.24"]
[Round "9"]
[White "Predein, Vladimir"]
[Black "Zlatin, Alexander"]
[Result "0-1"]
[WhiteTitle "IM"]
[BlackTitle "FM"]
[WhiteElo "2373"]
[BlackElo "2313"]
[WhiteFideId "4117786"]
[BlackFideId "2810549"]
[EventDate "2025.06.24"]

1. e4 e6 2. d4 d5 3. Nc3 dxe4 4. Nxe4 Nd7 5. Nf3 Ngf6 6. Nxf6+ Nxf6 7. c3 h6 8.
Be3 Bd6 9. Bd3 b6 10. Qc2 Bb7 11. O-O-O Qd7 12. Ne5 Bxe5 13. dxe5 Nd5 14. Qe2
O-O-O 15. Kb1 Nxe3 16. Qxe3 Qa4 17. Bc2 Qg4 18. Rhg1 Rxd1+ 19. Bxd1 Qe4+ 20.
Qxe4 Bxe4+ 21. Kc1 c5 22. f3 Bd5 23. b3 f6 24. c4 Bc6 25. exf6 gxf6 26. Kd2 Kd7
27. Ke3 e5 28. Bc2 Ke6 29. g4 Rd8 30. Bf5+ Ke7 31. h4 Rd4 32. g5 hxg5 33. hxg5
fxg5 34. Rxg5 Kf6 35. Rg6+ Kxf5 36. Rxc6 Rd1 37. Rc7 a5 38. Rc6 Re1+ 39. Kf2 Ra1
40. Rxb6 Rxa2+ 41. Ke3 Rb2 42. Kd3 a4 43. Kc3 Rxb3+ 44. Rxb3 axb3 45. Kxb3 Kf4
46. Ka4 Kxf3 47. Kb5 e4 48. Kxc5 e3 49. Kb6 e2 50. c5 e1=Q 51. c6 Qb4+ 52. Kc7
Ke4 53. Kc8 Qf8+ 54. Kc7 Kd5 55. Kb7 Qb4+ 56. Kc7 Qb5 57. Kd8 Qxc6 58. Ke7 Ke5 0-1

[Event "Titled Tue 24th Jun Early"]
[Site "chess.com INT"]
[Date "2025.06.24"]
[Round "9"]
[White "Delorme, Axel"]
[Black "Abramor, Franco"]
[Result "1-0"]
[WhiteTitle "GM"]
[WhiteElo "2475"]
[BlackElo "2167"]
[WhiteFideId "632023"]
[BlackFideId "181633"]
[EventDate "2025.06.24"]

1. e4 e5 2. Nf3 Nc6 3. Bb5 a6 4. Ba4 Nf6 5. O-O Be7 6. Re1 b5 7. Bb3 d6 8. c3
O-O 9. h3 Nb8 10. d4 Nbd7 11. c4 c6 12. a3 Qc7 13. Nc3 Re8 14. Be3 Bb7 15. Rc1
bxc4 16. Bxc4 Bf8 17. Qb3 Nb6 18. dxe5 Nxc4 19. exf6 Nxe3 20. Rxe3 c5 21. fxg7
Bxg7 22. Nd5 Bxd5 23. Qxd5 Rab8 24. b3 Bh6 25. Rcc3 Bxe3 26. Rxe3 Re6 27. Nh4
Re5 28. Qd3 d5 29. exd5 Rxe3 30. Qxe3 Qd6 31. Nf5 Qd8 32. Qh6 1-0

[Event "Titled Tue 24th Jun Early"]
[Site "chess.com INT"]
[Date "2025.06.24"]
[Round "9"]
[White "Porozhnyak, Maya"]
[Black "Mattenberger, Matthias"]
[Result "0-1"]
[WhiteTitle "WCM"]
[BlackTitle "FM"]
[WhiteElo "1953"]
[BlackElo "2286"]
[WhiteFideId "34115843"]
[BlackFideId "1339958"]
[EventDate "2025.06.24"]

1. e4 c5 2. Nf3 a6 3. d4 cxd4 4. c3 dxc3 5. Nxc3 d6 6. Bc4 Nc6 7. O-O Nf6 8. Bf4
Bg4 9. Qb3 e6 10. Qxb7 Na5 11. Qb4 Nxc4 12. Qxc4 Bxf3 13. gxf3 Be7 14. Qa4+ Nd7
15. Rfd1 O-O 16. Bxd6 Bxd6 17. Rxd6 Qg5+ 18. Kh1 Ne5 19. Rg1 Qf4 20. Rg3 Nxf3
21. Rd3 Ne5 22. Qd4 f6 23. Ne2 Qh4 24. Rh3 Qg4 25. Rdg3 Qxe2 26. Qb6 Qe1+ 27.
Rg1 Qxe4+ 28. f3 Nxf3 0-1

[Event "Titled Tue 24th Jun Early"]
[Site "chess.com INT"]
[Date "2025.06.24"]
[Round "9"]
[White "Ben Ari, Yannay"]
[Black "Tang, Andrew"]
[Result "0-1"]
[WhiteTitle "IM"]
[BlackTitle "GM"]
[WhiteElo "2450"]
[BlackElo "2529"]
[WhiteFideId "2815222"]
[BlackFideId "2059630"]
[EventDate "2025.06.24"]

1. b3 d5 2. Bb2 c5 3. Nf3 Nc6 4. e3 Nf6 5. Bb5 Qb6 6. a4 g6 7. c4 dxc4 8. bxc4
Bg7 9. a5 Qc7 10. Be5 Qd7 11. d4 cxd4 12. exd4 O-O 13. d5 Rd8 14. Qe2 Nxe5 15.
Bxd7 Nxf3+ 16. Qxf3 Nxd7 17. Ra3 Ne5 18. Qe2 Bg4 19. f3 Bf5 20. Nd2 Rac8 21. Re3
Nd7 22. g4 Bc2 23. Ne4 Bd4 24. Ra3 Bxe4 25. fxe4 Ne5 26. Ra4 b5 27. axb6 axb6
28. Kf1 Rc5 29. Kg2 Rdc8 30. Rd1 Bc3 31. Qe3 Ba5 32. h3 Nxc4 33. Qh6 Nb2 34.
Raa1 Rc2+ 35. Kg3 R8c3+ 36. Kh4 Rh2 37. Rh1 Rcxh3+ 38. Kg5 Bd2# 0-1

[Event "Titled Tue 24th Jun Early"]
[Site "chess.com INT"]
[Date "2025.06.24"]
[Round "9"]
[White "Shankland, Sam"]
[Black "Wan, Yunguo"]
[Result "1-0"]
[WhiteTitle "GM"]
[BlackTitle "GM"]
[WhiteElo "2666"]
[BlackElo "2501"]
[WhiteFideId "2004887"]
[BlackFideId "8603189"]
[EventDate "2025.06.24"]

1. c4 Nf6 2. g3 e6 3. Bg2 d5 4. Nf3 d4 5. e3 c5 6. exd4 cxd4 7. O-O Nc6 8. d3
Be7 9. Bg5 O-O 10. Nbd2 h6 11. Bxf6 Bxf6 12. a3 a5 13. Re1 Re8 14. Rc1 Be7 15.
c5 Bf8 16. Qa4 Ra6 17. Ne5 Nxe5 18. Rxe5 Re7 19. Qc4 Rc7 20. b4 axb4 21. axb4
Kh8 22. Nb3 f6 23. Re2 e5 24. b5 Be6 25. Qb4 Ra8 26. b6 Rf7 27. Nxd4 Bd5 28. Nf3
Bc6 29. d4 e4 30. Nh4 Rd7 31. Ng6+ Kg8 32. Bxe4 Rxd4 33. Qb3+ Bd5 34. Bxd5+ Qxd5
35. Qxd5+ Rxd5 36. Ne7+ Bxe7 37. Rxe7 Rc8 38. Rc7 Rb8 39. Re1 Re5 40. Rxe5 fxe5
41. Kg2 Kh7 42. Kf3 Kg6 43. Ke4 Kf6 44. h4 h5 45. f3 g6 46. g4 hxg4 47. fxg4 Ke6
48. g5 Rh8 49. Rxb7 Rxh4+ 50. Kd3 Kd5 51. Rc7 Rh3+ 52. Ke2 Rb3 53. b7 Kd4 54. c6
Rb2+ 55. Kf1 e4 56. Rc8 Rb1+ 57. Kg2 Rb2+ 58. Kg3 Rb3+ 59. Kf4 1-0

[Event "Titled Tue 24th Jun Early"]
[Site "chess.com INT"]
[Date "2025.06.24"]
[Round "9"]
[White "Suarez, Pedro"]
[Black "Terkiewicz, Bruno"]
[Result "0-1"]
[WhiteTitle "CM"]
[BlackTitle "CM"]
[WhiteElo "2066"]
[BlackElo "2183"]
[WhiteFideId "3007642"]
[BlackFideId "21093245"]
[EventDate "2025.06.24"]

1. d4 Nf6 2. c4 e6 3. Nc3 Bb4 4. e3 O-O 5. Bd3 b6 6. Ne2 Bb7 7. O-O d5 8. cxd5
exd5 9. a3 Bd6 10. Ng3 g6 11. Re1 Re8 12. b4 h5 13. Qf3 h4 14. Nge2 Nbd7 15. h3
Ne4 16. Bb2 Ng5 17. Qg4 f5 18. Bxf5 gxf5 19. Qxf5 Nf8 20. Nxd5 Bh2+ 21. Kxh2
Qxd5 22. Qxd5+ Bxd5 23. Rac1 Nfe6 24. Nc3 Bb7 25. d5 Ng7 26. e4 c6 27. dxc6 Bxc6
28. f3 N7e6 29. Ne2 Bb5 30. Nd4 Nxd4 31. Bxd4 Ne6 32. Be3 Rac8 33. Kg1 Red8 34.
Bf2 Rxc1 35. Rxc1 Rd3 36. Bxh4 Rxa3 37. Be7 Kf7 38. Bd6 Rd3 39. e5 Rd2 40. g3
Nd4 41. Rc7+ Ke6 42. Re7+ Kd5 43. Rf7 Be8 44. Rf8 Bc6 45. h4 Kc4 46. Kf1 Nxf3
47. h5 Kd4 48. e6 Bb5# 0-1

[Event "Titled Tue 24th Jun Early"]
[Site "chess.com INT"]
[Date "2025.06.24"]
[Round "9"]
[White "Ivanov, Andrey A."]
[Black "Abdou Ahmed Alem"]
[Result "1-0"]
[WhiteTitle "CM"]
[BlackTitle "CM"]
[WhiteElo "2120"]
[BlackElo "2002"]
[WhiteFideId "2514311"]
[BlackFideId "19603720"]
[EventDate "2025.06.24"]

1. Nf3 f5 2. d4 e6 3. c4 Nf6 4. Nc3 Bb4 5. Bd2 b6 6. a3 Be7 7. Bg5 Bb7 8. Bxf6
Bxf6 9. d5 e5 10. e4 O-O 11. Bd3 f4 12. Qd2 d6 13. O-O-O a5 14. Kb1 Na6 15. h4
Nc5 16. Bc2 Ba6 17. b3 a4 18. b4 Nb3 19. Bxb3 axb3 20. b5 Bc8 21. a4 Bg4 22. Kb2
Bxf3 23. gxf3 Bxh4 24. Rdg1 Qe7 25. Rg4 Bf6 26. Qe1 g5 27. Rh5 Rf7 28. Qh1 Rg7
29. Rh6 Rf8 30. Kxb3 Rff7 31. Ne2 Kf8 32. Qe1 Ke8 33. Rh5 Kd7 34. Rh6 Rg6 35.
Rh5 Qf8 36. Qh1 Qg8 37. Qh3 Rf8 38. Rxh7+ Rg7 39. Rxg7+ Qxg7 40. Rxg5+ 1-0

[Event "Titled Tue 24th Jun Early"]
[Site "chess.com INT"]
[Date "2025.06.24"]
[Round "9"]
[White "Boramanikar, Tanisha S"]
[Black "Agarwal, Amaya"]
[Result "1-0"]
[WhiteTitle "WCM"]
[BlackTitle "WCM"]
[WhiteElo "1743"]
[BlackElo "2004"]
[WhiteFideId "35023454"]
[BlackFideId "48733580"]
[EventDate "2025.06.24"]

1. e4 c5 2. d4 cxd4 3. c3 dxc3 4. Nxc3 Nc6 5. Nf3 e6 6. Bc4 Bb4 7. O-O Nge7 8.
e5 O-O 9. Ne4 a6 10. a3 Ba5 11. Bg5 b5 12. Bd3 h6 13. Bxh6 gxh6 14. Nf6+ Kg7 15.
Qc1 Rh8 16. Qf4 Ng6 17. Nh5+ Kg8 18. Qg4 Ne7 19. Nh4 Rh7 20. Nf6+ Kh8 21. Nxg6+
Nxg6 22. Bxg6 fxg6 23. Qxg6 Rg7 24. Qxh6+ Rh7 25. Qxh7# 1-0

[Event "Titled Tue 24th Jun Early"]
[Site "chess.com INT"]
[Date "2025.06.24"]
[Round "9"]
[White "Viskelis, Darius"]
[Black "Manukian, Artak"]
[Result "0-1"]
[WhiteTitle "FM"]
[WhiteElo "2170"]
[BlackElo "2104"]
[WhiteFideId "12800830"]
[BlackFideId "13301373"]
[EventDate "2025.06.24"]

1. e4 c6 2. d4 d5 3. exd5 cxd5 4. c4 Nf6 5. Nc3 g6 6. cxd5 Bg7 7. Bb5+ Nbd7 8.
d6 exd6 9. Qe2+ Qe7 10. Bf4 Qxe2+ 11. Ngxe2 a6 12. Bd3 d5 13. Bd6 Bf8 14. Bxf8
Kxf8 15. Nf4 Nb6 16. a4 g5 17. Nfe2 Kg7 18. h4 h6 19. hxg5 hxg5 20. Rxh8 Kxh8
21. Kd2 Be6 22. a5 Nbd7 23. Ng3 Kg7 24. Nf5+ Bxf5 25. Bxf5 Re8 26. Bxd7 Nxd7 27.
Nxd5 Re4 28. Kd3 f5 29. Rc1 Nf6 30. Rc7+ Kg6 31. Ne7+ Kh5 32. Nxf5 Rf4 33. Ng7+
Kg6 34. f3 g4 35. Ne6 Rf5 36. f4 Rxa5 37. Rxb7 Kf5 38. Nc5 Kxf4 39. Rb6 Nd5 40.
Rxa6 Nb4+ 41. Kc4 Nxa6 42. Nxa6 Rxa6 43. b4 Kg3 44. b5 Ra8 45. b6 Kxg2 46. d5
Kf3 47. d6 g3 48. b7 Rb8 49. d7 g2 50. Kc5 g1=Q+ 51. Kc6 Qc1+ 52. Kd6 0-1

[Event "Titled Tue 24th Jun Early"]
[Site "chess.com INT"]
[Date "2025.06.24"]
[Round "9"]
[White "Jahnz, Laurin"]
[Black "Hury, Tymoteusz"]
[Result "1-0"]
[WhiteTitle "CM"]
[BlackTitle "CM"]
[WhiteElo "2221"]
[BlackElo "2115"]
[WhiteFideId "16261089"]
[BlackFideId "21839328"]
[EventDate "2025.06.24"]

1. e4 d5 2. exd5 Qxd5 3. Nc3 Qa5 4. Nf3 Nf6 5. Bc4 Bf5 6. d4 e6 7. Bd2 Bb4 8.
O-O Nc6 9. a3 Bxc3 10. Bxc3 Qb6 11. Ne5 O-O 12. Nxc6 Qxc6 13. Qe2 a6 14. Bb3
Rfd8 15. Rad1 Bg4 16. f3 Bf5 17. Kh1 b5 18. Rfe1 Nd5 19. Bd2 Nb6 20. Bg5 Re8 21.
h4 h6 22. Bf4 Nc4 23. Bxc4 bxc4 24. c3 Rab8 25. Rd2 Rb3 26. Qe5 Reb8 27. Ree2
Bd3 28. Rf2 R8b7 29. g4 R3b5 30. Qe3 h5 31. Kh2 Qd7 32. Rg2 hxg4 33. Rxg4 Rf5
34. Rdg2 g6 35. Be5 Rb5 36. Rg5 Rbxe5 37. dxe5 Qd5 38. Rxf5 Bxf5 39. h5 a5 40.
hxg6 Bxg6 41. Qf4 Qd1 42. Qf6 Qe1 43. Qd8+ Kg7 44. Qf6+ Kg8 45. f4 Qe3 46. Qd8+
Kg7 47. Qh4 a4 48. Qg3 Qc1 49. Rf2 c5 50. f5 exf5 51. Rxf5 Qxb2+ 52. Rf2 Qc1 53.
Qf3 Qxa3 54. Qf6+ Kg8 55. e6 1-0

[Event "Titled Tue 24th Jun Early"]
[Site "chess.com INT"]
[Date "2025.06.24"]
[Round "9"]
[White "Svane, Rasmus"]
[Black "Smirnov, Alexandr A."]
[Result "1-0"]
[WhiteTitle "GM"]
[BlackTitle "FM"]
[WhiteElo "2626"]
[BlackElo "2136"]
[WhiteFideId "4657101"]
[BlackFideId "24104396"]
[EventDate "2025.06.24"]

1. d4 Nf6 2. Bg5 c5 3. d5 Qb6 4. Nc3 d6 5. e4 Nbd7 6. Rb1 a6 7. Nf3 g6 8. Bd3
Bg7 9. O-O h6 10. Bd2 O-O 11. h3 Qc7 12. a4 Ne5 13. Nxe5 dxe5 14. Be3 Ne8 15.
Be2 Nd6 16. Qd2 Kh7 17. b4 cxb4 18. Rxb4 Bd7 19. Rfb1 Rac8 20. R1b3 f5 21. f3
fxe4 22. fxe4 Qd8 23. Nd1 Qe8 24. a5 Bb5 25. Nf2 Bxe2 26. Qxe2 Qf7 27. c4 g5 28.
c5 Nb5 29. Rxb5 axb5 30. Rxb5 Qg6 31. Rxb7 Rf7 32. c6 Rcf8 33. a6 e6 34. d6 h5
35. a7 g4 36. hxg4 Rxf2 37. Bxf2 hxg4 38. Rb8 Rxf2 39. Qxf2 Qxe4 40. a8=Q g3 41.
Rh8+ Bxh8 42. Qf7+ 1-0

[Event "Titled Tue 24th Jun Early"]
[Site "chess.com INT"]
[Date "2025.06.24"]
[Round "9"]
[White "Golsta, Madara"]
[Black "Anupam, M Sreekumar"]
[Result "1-0"]
[BlackTitle "WCM"]
[WhiteElo "2008"]
[BlackElo "1943"]
[WhiteFideId "11607386"]
[BlackFideId "45033501"]
[EventDate "2025.06.24"]

1. e4 e5 2. Nf3 Nc6 3. d4 exd4 4. Nxd4 Nf6 5. Nc3 Bb4 6. Nxc6 bxc6 7. Bd3 O-O 8.
O-O d5 9. exd5 cxd5 10. Bf4 c6 11. a3 Be7 12. h3 Be6 13. Re1 Qb6 14. b3 Rfd8 15.
Qf3 c5 16. Be5 Rac8 17. Rad1 h6 18. Bf5 d4 19. Ne4 Nxe4 20. Bxe4 c4 21. Qg3 Bf8
22. b4 a5 23. c3 axb4 24. axb4 dxc3 25. Bxc3 Rxd1 26. Rxd1 Rd8 27. Ra1 Bd5 28.
Bxd5 Rxd5 29. Ra8 Rd1+ 30. Kh2 Qb7 31. Qxg7# 1-0

[Event "Titled Tue 24th Jun Early"]
[Site "chess.com INT"]
[Date "2025.06.24"]
[Round "9"]
[White "Blackburn, Jonathan L B"]
[Black "Shevchenko, Yaroslav"]
[Result "0-1"]
[WhiteTitle "FM"]
[WhiteElo "2207"]
[BlackElo "2179"]
[WhiteFideId "1801090"]
[BlackFideId "34144684"]
[EventDate "2025.06.24"]

1. d4 e6 2. e4 d5 3. e5 c5 4. c3 Nc6 5. Nf3 Qb6 6. Bd3 cxd4 7. O-O Bd7 8. a3 Rc8
9. Re1 Nge7 10. h4 a6 11. h5 h6 12. Qe2 dxc3 13. bxc3 Na5 14. Be3 Qc7 15. Rc1
Nc4 16. Bf4 Nc6 17. Bxc4 dxc4 18. Nbd2 b5 19. Ne4 Na5 20. Nd6+ Bxd6 21. exd6 Qc5
22. Ra2 O-O 23. Ne5 Rcd8 24. Qg4 Kh8 25. Qg3 Nc6 26. Ng4 Qxh5 27. f3 f6 28. Kf2
e5 29. Be3 Bxg4 30. fxg4 Qg6 31. Rh1 Rxd6 32. Bc5 Rd3 33. Bxf8 Rxg3 34. Kxg3
Qd3+ 35. Kh2 Qxc3 36. Rd1 Nd4 37. Bc5 Kh7 38. Rad2 Ne6 39. Bb4 Qe3 40. Rf1 Nd4 0-1

[Event "Titled Tue 24th Jun Early"]
[Site "chess.com INT"]
[Date "2025.06.24"]
[Round "9"]
[White "Barseghyan, Armen Ar."]
[Black "Molina, Roberto Junio Brito"]
[Result "1-0"]
[WhiteTitle "IM"]
[BlackTitle "IM"]
[WhiteElo "2348"]
[BlackElo "2381"]
[WhiteFideId "13306707"]
[BlackFideId "2109450"]
[EventDate "2025.06.24"]

1. Nf3 d5 2. d4 c6 3. g3 Bg4 4. Bg2 Nd7 5. O-O e6 6. c4 Ngf6 7. Nbd2 Be7 8. b3
O-O 9. Bb2 a5 10. a3 b5 11. h3 Bh5 12. g4 Bg6 13. Nh4 Be4 14. f3 Bg6 15. Nxg6
hxg6 16. f4 bxc4 17. bxc4 Rb8 18. Rb1 Qb6 19. c5 Qa6 20. e3 Qd3 21. Re1 Qa6 22.
Bf1 Qa7 23. Qa4 Bd8 24. Bc3 Bc7 25. Qxc6 Rfc8 26. Qa6 Ra8 27. Qxa7 Rxa7 28. g5
Nh7 29. Bb5 Nhf8 30. Nf3 f6 31. Ba4 Kf7 32. Rb3 Rb8 33. Reb1 Rxb3 34. Rxb3 Nb8
35. Kf2 Nfd7 36. h4 Ke7 37. Ke2 Kd8 38. Nd2 Ra6 39. Rb1 e5 40. fxe5 fxe5 41. Bb3
exd4 42. exd4 Nc6 43. Bxd5 Ne7 44. Bc4 Ra7 45. Ne4 Nf5 46. Rf1 Rb7 47. h5 Nf8
48. hxg6 1-0

[Event "Titled Tue 24th Jun Early"]
[Site "chess.com INT"]
[Date "2025.06.24"]
[Round "9"]
[White "Logachiov, Aleksandr"]
[Black "Nicot, Valentin"]
[Result "0-1"]
[WhiteTitle "CM"]
[BlackTitle "CM"]
[WhiteElo "2129"]
[BlackElo "2206"]
[WhiteFideId "24123706"]
[BlackFideId "651002477"]
[EventDate "2025.06.24"]

1. d4 Nf6 2. Bg5 Ne4 3. Bf4 c5 4. f3 Nf6 5. d5 d6 6. e4 g6 7. Nc3 Bg7 8. Qd2 O-O
9. h4 h5 10. Bh6 Nbd7 11. Be2 b5 12. Bxb5 a6 13. Be2 Rb8 14. b3 Ne5 15. Bxg7
Kxg7 16. Nh3 Qc7 17. Nf4 c4 18. O-O Bd7 19. Rac1 Rfc8 20. Nb1 Qb6+ 21. Kh1 Qc5
22. Rfd1 a5 23. Qd4 Qxd4 24. Rxd4 cxb3 25. axb3 Rxb3 26. Nd2 Rb2 27. Bd1 a4 28.
Ra1 Ra8 29. Nd3 Nxd3 30. Rxd3 Bb5 31. Rda3 Nd7 32. Nb1 Nc5 33. Nc3 Bd7 34. Kg1
Kf6 35. Kf2 Rab8 36. Ke3 R8b4 37. g4 hxg4 38. fxg4 Ke5 39. Nxa4 Bxa4 40. c3
Rxe4+ 41. Kf3 Bxd1+ 42. Rxd1 Rh2 43. Ra7 Rh3+ 44. Kg2 Rxh4 45. Rxe7+ Kf6 46. Re8
Rxe8 0-1

[Event "Titled Tue 24th Jun Early"]
[Site "chess.com INT"]
[Date "2025.06.24"]
[Round "9"]
[White "Seiger, Vidar"]
[Black "Essing, Arnold"]
[Result "0-1"]
[WhiteTitle "CM"]
[BlackTitle "FM"]
[WhiteElo "2224"]
[BlackElo "2197"]
[WhiteFideId "1756079"]
[BlackFideId "4619862"]
[EventDate "2025.06.24"]

1. e4 Nf6 2. e5 Nd5 3. c4 Nb6 4. d4 d6 5. exd6 cxd6 6. Nc3 g6 7. Be3 Bg7 8. Qd2
Nc6 9. h3 O-O 10. Nf3 e5 11. d5 Ne7 12. Be2 Nf5 13. Bg5 f6 14. Be3 Nxe3 15. fxe3
f5 16. O-O Bd7 17. a4 Rc8 18. b3 Qe7 19. a5 Na8 20. a6 b6 21. Rac1 Nc7 22. Nb5
Nxb5 23. cxb5 g5 24. Rc6 g4 25. hxg4 fxg4 26. Nh2 Bxc6 27. dxc6 h5 28. Bc4+ Kh8
29. Qd3 e4 30. Qd5 Be5 31. Rxf8+ Rxf8 32. Nf1 Qf6 33. Qe6 Qf2+ 34. Kh1 Qxf1+ 35.
Bxf1 Rxf1# 0-1